00771nam a2200241 a 4500001001300000003000900013005001700022008004100039020002300080082001800103100001800121245007500139260003500214300001000249500003500259505002400294650001800318700001800336902000800354942000700362952014300369999001700512nice12345678IN_TiNIC20260116014535.0130515s2009 dela grp 000 0 eng  a9788178242668c69500a306.0954bMIN aMinault, Gail aGender, Language and Learningb Essays in Indo-Muslim Cultural History aDelhi bPermanent Black c2009 a314p  aincludes index and biblioraphy2 aBibliography, Index aCulture-India1 aMinault, Gail bSRS cBK 001040708StackRoom-aHMIbHMId2013-05-15g695.00l2o306.0954 MINp024068q2026-02-24r2026-02-10s2026-02-10v695.00w2013-05-15yBK c15862d15862